| 000 | 00759nam a2200229 a 4500 | ||
|---|---|---|---|
| 005 | 20240925064816.0 | ||
| 008 | 010430s1991 mx r 000 0 spa d | ||
| 020 | _a9682317118 | ||
| 035 | _aUPN01000105882 | ||
| 049 | _aCG | ||
| 050 | 4 |
_aHC133 _bB3.28 |
|
| 100 | 1 |
_aBarkin, David _935464 |
|
| 245 | 1 | 3 |
_aUn desarrollo distorcionado : _bla integración de México a la economía mundial / _cDavid Barkin ; tr. Elena Milán. |
| 260 |
_aMéxico : _bSiglo XXI : _bUAM-X, _c1991. |
||
| 300 | _a207 p. | ||
| 440 | 0 | _aEconomía y demografía | |
| 650 | 2 |
_aPolítica económica _91147 |
|
| 650 | 4 |
_aDesarrollo económico _96460 |
|
| 650 | 2 |
_aAgricultura _xAspectos económicos _zMéxico _91868 |
|
| 651 | 4 |
_aMéxico _xCondiciones económicas _95661 |
|
| 905 | _aLibro | ||
| 999 |
_c79795 _d79795 |
||